000
00315nam a22001337a 4500
008
181031b xxu||||| |||| 00| 0 eng d
020
_a
9780323045186
041
_a
eng
080
_2
5th
_a
610.73
100
_a
2
101
_a
INF
245
_a
Long-Term Care Nursing Assistans
_c
Sorrentino,Sh.A
942
_2
udc
_c
BK
999
_c
51316
_d
51316